[Event "EU-Cup 21st"]
[Site "Saint Vincent"]
[Date "2005.09.21"]
[Round "4.4"]
[White "Berntsen, Peter"]
[Black "Citak, Selim"]
[Result "0-1"]
[WhiteElo "2264"]
[BlackElo "2350"]
[PlyCount "86"]
[EventDate "2005.09.18"]
[EventType "team-swiss"]
[EventRounds "7"]
[EventCountry "ITA"]
[SourceTitle "CBM 110"]
[Source "ChessBase"]
[SourceDate "2006.01.31"]
[SourceVersion "1"]
[SourceVersionDate "2006.01.31"]
[SourceQuality "1"]
[WhiteTeam "Malmo"]
[BlackTeam "Marmaris"]
[WhiteTeamCountry "SWE"]
[BlackTeamCountry "TUR"]

1. e4 e5 2. Nf3 Nc6 3. Bb5 g6 4. Bxc6 dxc6 5. 0-0 f6 6. d4 exd4 7. Nxd4 c5 8. Nb3 Qxd1 9. Rxd1 Bg4 10. f3 Be6 11. Be3 b6 12. Nc3 Bd6 13. a4 a5 14. Rd2 0-0-0 15. Rad1 Bd7 16. Nb5 Bxb5 17. axb5 Ne7 18. Nc1 f5 19. Bg5 fxe4 20. Bxe7 Bxe7 21. Rxd8+ Bxd8 22. fxe4 Bf6 23. c3 Re8 24. Re1 c4 25. Kf2 Re5 26. Re2 Bg5 27. Na2 Rxb5 28. Kf3 Kd7 29. g3 h5 30. h4 Bh6 31. g4 hxg4+ 32. Kxg4 Ke6 33. Kf3 Rb3 34. Rc2 c5 35. Kg4 a4 36. Re2 b5 37. Kf3 a3 38. bxa3 Rxa3 39. Kf2 Rb3 40. Rc2 Rb1 41. Kf3 Ke5 42. h5 Rf1+ 43. Kg2 Rd1 0-1

[Event "EU-Cup 21st"]
[Site "Saint Vincent"]
[Date "2005.09.20"]
[Round "3.4"]
[White "Dvoirys, Semen I"]
[Black "Berntsen, Peter"]
[Result "1-0"]
[WhiteElo "2589"]
[BlackElo "2264"]
[PlyCount "87"]
[EventDate "2005.09.18"]
[EventType "team-swiss"]
[EventRounds "7"]
[EventCountry "ITA"]
[SourceTitle "CBM 110"]
[Source "ChessBase"]
[SourceDate "2006.01.31"]
[SourceVersion "1"]
[SourceVersionDate "2006.01.31"]
[SourceQuality "1"]
[WhiteTeam "Beer Sheva"]
[BlackTeam "Malmo"]
[WhiteTeamCountry "ISR"]
[BlackTeamCountry "SWE"]

1. Nf3 d5 2. g3 Nf6 3. Bg2 g6 4. c4 Bg7 5. cxd5 Nxd5 6. Nc3 0-0 7. 0-0 c6 8. d4 Nd7 9. e4 Nxc3 10. bxc3 Qa5 11. Qb3 c5 12. Rb1 Qc7 13. d5 Ne5 14. Nxe5 Qxe5 15. c4 b6 16. Bb2 Qh5 17. Bxg7 Kxg7 18. Qc3+ Kg8 19. f4 Bh3 20. Bf3 Bg4 21. Bg2 Bh3 22. Bxh3 Qxh3 23. f5 Qh6 24. e5 gxf5 25. Rxf5 f6 26. e6 Rad8 27. Rbf1 Kh8 28. Kg2 Rg8 29. R1f4 Rg6 30. Qf3 Qg7 31. Rh5 Rh6 32. Rg4 Qf8 33. Rgh4 Rxh5 34. Qxh5 Qg7 35. Rg4 Qf8 36. a4 Qe8 37. Qh6 Qf8 38. Qf4 Rc8 39. h4 Qe8 40. Kh3 Qxa4 41. Qh6 Rg8 42. Rxg8+ Kxg8 43. Qh5 Qxc4 44. Qf7+ 1-0

[Event "EU-Cup 21st"]
[Site "Saint Vincent"]
[Date "2005.09.19"]
[Round "2.4"]
[White "Pucher, Sebastien"]
[Black "Berntsen, Peter"]
[Result "1/2-1/2"]
[WhiteElo "2151"]
[BlackElo "2264"]
[PlyCount "32"]
[EventDate "2005.09.18"]
[EventType "team-swiss"]
[EventRounds "7"]
[EventCountry "ITA"]
[SourceTitle "CBM 110"]
[Source "ChessBase"]
[SourceDate "2006.01.31"]
[SourceVersion "1"]
[SourceVersionDate "2006.01.31"]
[SourceQuality "1"]
[WhiteTeam "Dudelange"]
[BlackTeam "Malmo"]
[WhiteTeamCountry "LUX"]
[BlackTeamCountry "SWE"]

1. e4 c5 2. Nf3 e6 3. Nc3 a6 4. d4 cxd4 5. Nxd4 b5 6. g3 Bb7 7. Bg2 b4 8. Na4 Nf6 9. 0-0 Bxe4 10. Bxe4 Nxe4 11. Re1 d5 12. Nxe6 fxe6 13. Qh5+ g6 14. Qe5 Qf6 15. Rxe4 Qxe5 16. Rxe5 Kf7 1/2-1/2

[Event "EU-Cup 20th"]
[Site "Izmir"]
[Date "2004.10.03"]
[Round "1.5"]
[White "Berntsen, Peter"]
[Black "Socko, Bartosz"]
[Result "0-1"]
[WhiteElo "2270"]
[BlackElo "2570"]
[PlyCount "58"]
[EventDate "2004.10.03"]
[EventType "team-swiss"]
[EventRounds "7"]
[EventCountry "TUR"]
[SourceTitle "CBM 104"]
[Source "ChessBase"]
[SourceDate "2005.01.27"]
[SourceVersion "1"]
[SourceVersionDate "2005.01.27"]
[SourceQuality "1"]
[WhiteTeam "Malmo Linhams"]
[BlackTeam "Warsaw Polonia"]
[WhiteTeamCountry "SWE"]
[BlackTeamCountry "POL"]

1. e4 e6 2. d3 c5 3. f4 Nc6 4. Nf3 g6 5. h4 h5 6. c3 Nh6 7. g3 Bg7 8. Bh3 d6 9. Be3 b5 10. d4 Ng4 11. Bxg4 hxg4 12. Ng1 cxd4 13. cxd4 Bb7 14. Rh2 Qb6 15. Rd2 Na5 16. b3 Bxe4 17. Qxg4 Rc8 18. Qd1 b4 19. Ne2 Nc6 20. a3 a5 21. axb4 Nxb4 22. Na3 d5 23. Kf2 0-0 24. Rc1 Rxc1 25. Nxc1 Rc8 26. Ne2 Bf8 27. Qa1 Nd3+ 28. Kg1 Qxb3 29. Qa2 Qxa3 0-1

[Event "SWE-chT 9798"]
[Site "Sweden"]
[Date "1998.??.??"]
[Round "8"]
[White "Vernersson, Per"]
[Black "Berntsen, Peter"]
[Result "1-0"]
[WhiteElo "2345"]
[BlackElo "2270"]
[PlyCount "99"]
[EventDate "1997.??.??"]
[EventType "team"]
[EventRounds "9"]
[EventCountry "SWE"]
[SourceTitle "EXT 2000"]
[Source "ChessBase"]
[SourceDate "1999.11.16"]
[SourceVersion "1"]
[SourceVersionDate "1999.11.16"]
[SourceQuality "1"]

1. d4 e6 2. c4 Nf6 3. g3 d5 4. Nf3 dxc4 5. Qa4+ Nbd7 6. Bg2 Be7 7. 0-0 0-0 8. Qxc4 a6 9. Bg5 h6 10. Bxf6 Bxf6 11. Nc3 c6 12. Rfd1 Qb6 13. Rd2 Rd8 14. Rad1 Nf8 15. Ne4 Be7 16. Ne5 f6 17. Nf3 Bd7 18. Nc5 Be8 19. Nd3 Bf7 20. Qc3 a5 21. a3 a4 22. e3 Ra5 23. Rc1 Rda8 24. Bf1 Nd7 25. Rdc2 Bg6 26. Qe1 Kh7 27. Nd2 R5a7 28. Nc4 Qd8 29. Rc3 Nb6 30. Nxb6 Qxb6 31. Nf4 Qxb2 32. Nxg6 Kxg6 33. Rb1 Qxa3 34. Rxa3 Bxa3 35. Bc4 Kf7 36. Qe2 Bf8 37. Rb6 a3 38. Ba2 Re8 39. Qc4 Bd6 40. Qb3 Re7 41. e4 Ke8 42. Kg2 Kd8 43. d5 exd5 44. exd5 Kc7 45. dxc6 bxc6 46. Rb8 Bc5 47. Qg8 Kd6 48. Rb1 Rad7 49. Qb8+ Rc7 50. Qd8+ 1-0

[Event "Rodeby op"]
[Site "Karlskrona"]
[Date "1997.??.??"]
[Round "2"]
[White "Berntsen, Peter"]
[Black "Akesson, Dan"]
[Result "1-0"]
[WhiteElo "2270"]
[BlackElo "2050"]
[PlyCount "57"]
[EventDate "1997.??.??"]
[EventType "swiss"]
[EventRounds "7"]
[EventCountry "SWE"]
[SourceTitle "EXT 2001"]
[Source "ChessBase"]
[SourceDate "2000.11.22"]
[SourceVersion "1"]
[SourceVersionDate "2000.11.22"]
[SourceQuality "1"]

1. e4 c5 2. Nf3 g6 3. Bc4 Bg7 4. 0-0 Nc6 5. c3 e5 6. d3 Nge7 7. Be3 d6 8. d4 cxd4 9. cxd4 0-0 10. dxe5 Nxe5 11. Nxe5 dxe5 12. Nc3 Nc6 13. Bc5 Re8 14. Nb5 Bf8 15. Bxf8 Rxf8 16. Qxd8 Rxd8 17. Rfd1 Nd4 18. Nxd4 Rxd4 19. Rxd4 exd4 20. Rd1 Bd7 21. Rxd4 Bc6 22. f3 Kg7 23. Kf2 g5 24. Bd5 Rc8 25. Rc4 Rd8 26. Bxc6 bxc6 27. Ke3 Rd1 28. Rxc6 Rg1 29. Rc2 1-0

[Event "Eger op"]
[Site "Eger"]
[Date "1991.??.??"]
[Round "?"]
[White "Berntsen, Peter"]
[Black "Donka, Peter"]
[Result "1-0"]
[WhiteElo "2230"]
[BlackElo "2335"]
[PlyCount "103"]
[EventDate "1991.??.??"]
[EventType "swiss"]
[EventRounds "9"]
[EventCountry "HUN"]
[SourceTitle "EXT 1997"]
[Source "ChessBase"]
[SourceDate "1996.11.15"]
[SourceVersion "1"]
[SourceVersionDate "1996.11.15"]
[SourceQuality "1"]

1. e4 c5 2. Nf3 Nc6 3. d4 cxd4 4. Nxd4 g6 5. c4 Nf6 6. Nc3 Nxd4 7. Qxd4 d6 8. Be2 Bg7 9. 0-0 0-0 10. Qd1 Bd7 11. Be3 a6 12. f3 Qa5 13. a3 Rfc8 14. b4 Qd8 15. Rc1 a5 16. b5 Be6 17. Na4 Nd7 18. f4 f5 19. exf5 gxf5 20. Bf3 Rab8 21. Bd5 Bxd5 22. Qxd5+ Kh8 23. Qxf5 b6 24. Rf3 Rc7 25. Rh3 Qg8 26. Qd3 Nc5 27. Nxc5 dxc5 28. Rd1 Rcc8 29. Qe4 Bf6 30. Rd5 Rf8 31. Rdh5 Rf7 32. Kf2 Rd8 33. g4 Qxg4 34. Rxh7+ Kg8 35. Rg3 Qxg3+ 36. hxg3 Rxh7 37. Qe6+ Kg7 38. Qxb6 Rd3 39. Qxc5 Rh2+ 40. Kf3 Rb2 41. Ke4 Rbb3 42. g4 Kf7 43. g5 Bb2 44. a4 Ba3 45. Qf5+ Ke8 46. Bd4 Bd6 47. g6 Kd8 48. g7 Rg3 49. Bb6+ Ke8 50. Qc8+ Kf7 51. Qf8+ Ke6 52. Qf5# 1-0

[Event "Eger op"]
[Site "Eger"]
[Date "1991.??.??"]
[Round "?"]
[White "Zezulkin, Jurij"]
[Black "Berntsen, Peter"]
[Result "1-0"]
[WhiteElo "2385"]
[BlackElo "2230"]
[PlyCount "75"]
[EventDate "1991.??.??"]
[EventType "swiss"]
[EventRounds "9"]
[EventCountry "HUN"]
[SourceTitle "EXT 1997"]
[Source "ChessBase"]
[SourceDate "1996.11.15"]
[SourceVersion "1"]
[SourceVersionDate "1996.11.15"]
[SourceQuality "1"]

1. e4 c5 2. Nf3 Nc6 3. d4 cxd4 4. Nxd4 Nf6 5. Nc3 d6 6. Bg5 e6 7. Qd2 Be7 8. 0-0-0 0-0 9. Nb3 a6 10. Bxf6 Bxf6 11. Qxd6 Bxc3 12. bxc3 Qf6 13. Qg3 e5 14. Bc4 Be6 15. Bxe6 Qxe6 16. Rd5 a5 17. a4 f5 18. Nc5 Qh6+ 19. Qe3 f4 20. Qd2 Rf7 21. f3 Qg5 22. Rd1 Qe7 23. Qd3 Na7 24. Qc4 b6 25. Rd7 Qe8 26. Nb7 Rc8 27. Qb3 Kf8 28. Qa3+ Kg8 29. Rxf7 Qxf7 30. Nd6 Qe7 31. Qb3+ Kf8 32. Nxc8 Nxc8 33. Qc4 Qa3+ 34. Kb1 Nd6 35. Qe6 Qxc3 36. Qxd6+ Kf7 37. Qd7+ Kf8 38. Qf5+ 1-0